| 000 | 00731nam a22001937a 4500 | ||
|---|---|---|---|
| 999 |
_c178433 _d178433 |
||
| 005 | 20210330174001.0 | ||
| 010 | _aENG-129343 | ||
| 020 |
_a978-81-927088-4-3 _c235.00 |
||
| 035 | _aEN-112875 | ||
| 037 | _bDBAD/PUB | ||
| 082 | _a363.7 | ||
| 100 | _aBabu, N. V. Surendra | ||
| 245 |
_aEnvironmental Studies/ _cN. V. Surendra Babu and G. Alekhya |
||
| 260 |
_aHyderabad _bSeven Hills International Publishers _c2018 |
||
| 270 |
_bHyderabad _e500038 _a3326/C, Level-4, Surneni Nilayam, Near B K Gupta Park, S R Nagar _k91 40 23710657, 238000657 _l91 40 23810657 _mstudentshelpline.in@gmail.com |
||
| 300 |
_axii+300p. _c24cm(pbk) _bIncluding illustrations. |
||
| 700 | _aG. Alekhya | ||
| 942 |
_2ddc _cEN _h363.7 _mBAB |
||